Cartas marruecas : (Record no. 32908)

MARC details
000 -LEADER
campo de control de longitud fija 01511cam a2200409Ia 4500
001 - NÚMERO DE CONTROL
campo de control 56493
005 - FECHA Y HORA DE LA ÚLTIMA TRANSACCIÓN
campo de control 20230410105241.0
008 - DATOS DE LONGITUD FIJA--INFORMACIÓN GENERAL
campo de control de longitud fija 030305s2002 sp b 001 0 spa d
035 ## - NÚMERO DE CONTROL DEL SISTEMA
Número de control de sistema (OCoLC)ocm51847763
040 ## - FUENTE DE CATALOGACIÓN
Centro catalogador/agencia de origen I5B
Centro/agencia transcriptor I5B
Centro/agencia modificador NDD
-- OCLCQ
020 ## - NÚMERO INTERNACIONAL ESTÁNDAR DEL LIBRO
Número Internacional Estándar del Libro 8400080750
020 ## - NÚMERO INTERNACIONAL ESTÁNDAR DEL LIBRO
Número Internacional Estándar del Libro 9788400080754
029 0# - OTRO NÚMERO DE CONTROL DE SISTEMA (OCLC)
Identificador de la biblioteca OCLC I5B
Número de control de sistema 162731
035 ## - NÚMERO DE CONTROL DEL SISTEMA
Número de control de sistema (OCoLC)51847763
041 0# - CÓDIGO DE IDIOMA
Código de lengua del texto/banda sonora o título independiente spa
-- ara
043 ## - CÓDIGO DE ÁREA GEOGRÁFICA
Código de área geográfica f-mr---
-- e-sp---
045 ## - PERIODO DE TIEMPO DEL CONTENIDO
Código de periodo de tiempo t0v0
050 14 - SIGNATURA TOPOGRÁFICA DE LA BIBLIOTECA DEL CONGRESO
Número de clasificación DT321
Número de ítem .C322 2002
082 04 - NÚMERO DE LA CLASIFICACIÓN DECIMAL DEWEY
Número de clasificación 964.025
Número de ítem C322, 2002
245 00 - MENCIÓN DEL TÍTULO
Título Cartas marruecas :
Resto del título documentos de Marruecos en archivos españoles (siglos XVI-XVII) /
Mención de responsabilidad, etc. Mercedes Garcia-Arenal, Fernando Rodriguez Mediano, Rachid El Hour (editores).
260 ## - PUBLICACIÓN, DISTRIBUCIÓN, ETC.
Lugar de publicación, distribución, etc. Madrid :
Nombre del editor, distribuidor, etc. Consejo Superior de Investigaciones Cientificas,
Fecha de publicación, distribución, etc. 2002.
300 ## - DESCRIPCIÓN FÍSICA
Extensión 430 p. ;
Dimensiones 24 cm.
440 #0 - MENCIÓN DE SERIE/PUNTO DE ACCESO ADICIONAL--TÍTULO
Título Estudios arabes e islamicos.
Nombre de parte o sección de la obra Monografias ;
Designación de volumen o secuencia 3
546 ## - NOTA DE IDIOMA
Nota de lengua/lenguaje In Spanish, with some documents in Arabic.
504 ## - NOTA DE BIBLIOGRAFÍA, ETC.
Nota de bibliografía, etc. Includes bibliographical references (p. [415]-419) and indexes.
651 #0 - PUNTO DE ACCESO ADICIONAL DE MATERIA--NOMBRE GEOGRÁFICO
Nombre geográfico Morocco
Subdivisión general History
Subdivisión cronológica 1516-1830
Subdivisión de forma Sources.
651 #0 - PUNTO DE ACCESO ADICIONAL DE MATERIA--NOMBRE GEOGRÁFICO
Nombre geográfico Spain
Subdivisión general Relations
Subdivisión geográfica Morocco
Subdivisión de forma Sources.
651 #0 - PUNTO DE ACCESO ADICIONAL DE MATERIA--NOMBRE GEOGRÁFICO
Nombre geográfico Morocco
Subdivisión general Relations
Subdivisión geográfica Spain
Subdivisión de forma Sources.
700 1# - ENTRADA AGREGADA--NOMBRE PERSONAL
Nombre de persona Garcia-Arenal, Mercedes.
700 1# - ENTRADA AGREGADA--NOMBRE PERSONAL
Nombre de persona Rodrâiguez Mediano, Fernando.
700 1# - ENTRADA AGREGADA--NOMBRE PERSONAL
Nombre de persona El Hour, Rachid.
856 42 - LOCALIZACIÓN Y ACCESO ELECTRÓNICOS
Materiales especificados Más?... busque en WorldCat (solo desde FUNGLODE)
Identificador Uniforme de Recursos <a href="www.firstsearch.oclc.org/fsip">www.firstsearch.oclc.org/fsip</a>
938 ## -
-- Iberbook International S.L.
-- IBER
-- 162731
-- EUR26.00
942 ## - ELEMENTOS DE ENTRADA SECUNDARIOS (KOHA)
Fuente del sistema de clasificación o colocación Clasificación de Library of Congress
Tipo de ítem Koha
946 ## - PROCESAMIENTO DE INFORMACIÓN LOCAL (OCLC)
a mfcruz
994 ## -
-- C0
-- DRFGD
Holdings
Estatus retirado Estado de pérdida Fuente del sistema de clasificación o colocación Estado de daño No para préstamo Colección Biblioteca de origen Biblioteca actual Ubicación en estantería Fecha de adquisición Serial enumeration / chronology Signatura topográfica completa Código de barras Visto por última vez Copia número Tipo de ítem Koha
    Clasificación de Library of Congress     Recursos Regionales Biblioteca Juan Bosch Biblioteca Juan Bosch Recursos Regionales (2do. Piso) 10/04/2023 3 DT321 .C322 2002 00000057753 23/10/2018 1